| 000 | 00456nam a2200169Ia 4500 | ||
|---|---|---|---|
| 008 | 230711s9999||||xx |||||||||||||| ||und|| | ||
| 020 | _a978-0-07-106785-0 | ||
| 041 | _aENG | ||
| 082 |
_a658.15 _bKH-F |
||
| 100 | _aKhan,M.Y | ||
| 245 | 0 | _aFinancial management ( text,problems and cases) | |
| 250 | _a6th Ed. | ||
| 260 |
_c2011 _aNew Delhi _bTata McGraw Hill Education Limited |
||
| 650 | _aUNIVESITY BUSNIESS SCHOOL | ||
| 700 | _aJain,P.K | ||
| 942 | _cBK | ||
| 999 |
_c5436 _d5436 |
||